Madres e hijas /

Збережено в:
Бібліографічні деталі
Автор: Priego, María Teresa (compilación)
Формат: Книга
Мова:Іспанська
Опубліковано: México : Cal y Arena, 2005, c2005
Теги: Додати тег
Немає тегів, Будьте першим, хто поставить тег для цього запису!

MARC

LEADER 00000nam^a2200000^a^4500
001 000594234
005 20250521000000.0
009 20260310133024.082
020 |a 968-7711-48-5 
037 |a Acervo ITESO - Biblioteca 
041 |a ESP 
091 |a FCR. 01662 
100 |a Priego, María Teresa  |e (compilación) 
245 1 0 |a Madres e hijas / 
264 4 |a México :  |b Cal y Arena,  |c 2005, c2005 
300 |a 194 p. 
336 |a texto  |b txt  |2 rdacontenido 
337 |a sin mediación  |b n  |2 rdamedio 
338 |a volumen  |b nc  |2 rdasoporte 
649 |a XX 
910 |a Fondo Cristina Romo Gil 
920 |a Impresos - Libros 
930 |a Fondos Especiales 
940 |a Literatura 
905 |a 143 
901 |a 594234-10  |b IT2  |c ESP  |i D121421  |u 20250521 
902 |a https://opac.biblio.iteso.mx/vufind/Record/000594234